000
00290nam a2200121Ia 4500
008
191201s2010 xx 000 0 und d
100
_a
NELSON, Stephen L
245
0
_a
Complete reference office XP
250
_a
Rep
260
_c
2010
_b
TMH
_a
NEW DELHI
300
_a
1002
942
_2
ddc
_c
BK
_0
2
999
_c
7831
_d
7831